000 00583nam a2200169 i 4500
001 35264
003 ES-MaACL
007 t|
008 030212s1984 sp ||||1| spa d
100 1 _aBottomore, Thomas B.
_930808
245 1 0 _aDiccionario del pensamiento marxista /
_ceditado por Tom Bottomore ; con la colaboración de Leszek Kolakwoski ; [traducción de Víctor Basterrica].
260 _a[Madrid] :
_bTecnos,
_c[1984]
300 _a858 p. ;
_c22 cm.
700 1 _aKolakowski, Leszek.
_968507
700 1 _aBasterrica, Víctor.
_926359
852 _aES-MaACL
_jL-6909
_bR.107180
999 _c35264
_d35264